| 000 | 00760nam a2200217 i 4500 | ||
|---|---|---|---|
| 001 | 31844 | ||
| 003 | ES-MaACL | ||
| 005 | 20230906154445.0 | ||
| 007 | t| | ||
| 008 | 030130s1976 sp ||||1| spa d | ||
| 100 | 1 |
_aBeckner, Morton O,. _926966 |
|
| 245 | 1 | 3 |
_aEl darwinismo / _cMorton O. Beckner ; versión de Alfonso García Suárez. |
| 260 |
_aValencia : _bUniversidad, Departamento de Lógica y Filosofía de la Ciencia, _c1976. |
||
| 300 |
_a76 p. ; _c22 cm. |
||
| 490 | 1 | _aCuadernos Teorema | |
| 700 | 1 |
_aGarcía Suárez, Alfonso. _955313 |
|
| 710 | 2 |
_aUniversidad de Valencia. _bDepartamento de Lógica y Filosofía de la Ciencia. _97323 |
|
| 830 | 0 |
_aCuadernos Teorema _9180999 |
|
| 852 |
_aES-MaACL _jE-9959 _bR.94343 |
||
| 999 |
_c31844 _d31844 |
||